01072nam a22002417a 4500003000500000008004100005040000800046041001300054082002300067100003600090245002500126250002700151260005700178300003400235336002700269337003300296338002900329490002500358505035000383650002800733650004000761650002900801BPGM260618e2013 mx ||||g |||| 001 j spa d bspa aspahspa042863M aG37375 /C78 aGARCÌA OLIV, TARSICIO eAUTOR aC(R)UENTOS MAG(R)OS aPRIMERA EDICION b2013 aMÈXICO bGOBIERNO DEL ESTADO DE QUERÈTARO c2013 a73 paginas c13 cm x 19.5 cm  2rdacontentatextobtxt 2rdamediaasin mediaciónbn 2rdacarrieravolumen bnc0 aLETRAS DE QUERETARO  a es una recopilación de relatos breves que exploran la vida cotidiana mexicana con un tono realista y, a la vez, cargado de elementos simbólicos y espirituales. Los cuentos muestran personajes humildes enfrentando situaciones de fe, esperanza y milagro, donde lo extraordinario irrumpe en lo común para dar lecciones morales y emocionales. 2LITERATURA Y RETÓRICA 2LITERATURAS ESPAÑOLA Y PORTUGUESA 2NOVELÍSTICA ESPAÑOLA